COMPETENCY BASED BD. CHAURASIA'S HUMAN ANATOMY : HEAD & NECK (Record no. 30797)

MARC details
000 -LEADER
fixed length control field 00446nam a22001697a 4500
003 - CONTROL NUMBER IDENTIFIER
control field SGT
020 ## - INTERNATIONAL STANDARD BOOK NUMBER
International Standard Book Number 97893544669439
082 ## - DEWEY DECIMAL CLASSIFICATION NUMBER
Classification number 611
Item number C25G
100 ## - MAIN ENTRY--PERSONAL NAME
Personal name GARG, KRISHNA
245 ## - TITLE STATEMENT
Title COMPETENCY BASED BD. CHAURASIA'S HUMAN ANATOMY : HEAD & NECK
250 ## - EDITION STATEMENT
Edition statement 10TH
260 ## - PUBLICATION, DISTRIBUTION, ETC. (IMPRINT)
Place of publication, distribution, etc INDIA
Name of publisher, distributor, etc CBS PUB
Year of Publication 2025
300 ## - PAGE DESCRIPTION
No. of Pages 322
650 ## - SUBJECT ADDED ENTRY--TOPICAL TERM
Topical term or geographic name as entry element HUMAN AMATOMY
653 ## - KEYWORDS--INDEX TERM
Keyword term COMPETENCY BASED BD. CHAURASIA'S HUMAN ANATOMY : HEAD & NECK
942 ## - ADDED ENTRY ELEMENTS (KOHA)
Source of classification or shelving scheme Dewey Decimal Classification
Koha item type Books
Holdings
Withdrawn status Lost status Source of classification or shelving scheme Damaged status Not for loan Collection code Home library Current library Shelving location Date acquired Vendor Name Cost, normal purchase price Volume Information (Serial or Books or Non-Book Material) SGTU Bill Number Full call number Accession No. (Barcode) Date last seen Bill Date Koha item type Total Checkouts Date last borrowed Checked out
    Dewey Decimal Classification   Not For Loan MEDICAL SGT Medical Library SGT Medical Library Reference Book 11/02/2025 ABC DELHI 1195.00 VOL-3 SGTU 20461 611 C25G FM15071 09/04/2025 11/02/2025 Books      
    Dewey Decimal Classification     MEDICAL SGT Medical Library SGT Medical Library Text Book 11/02/2025 ABC DELHI 1195.00 VOL-3 SGTU 20461 611 C25G FM15072 06/05/2026 11/02/2025 Books 9 23/04/2026  
    Dewey Decimal Classification     MEDICAL SGT Medical Library SGT Medical Library Text Book 11/02/2025 ABC DELHI 1195.00 VOL-3 SGTU 20461 611 C25G FM15073 16/04/2026 11/02/2025 Books 4 02/04/2026  
    Dewey Decimal Classification     MEDICAL SGT Medical Library SGT Medical Library Text Book 11/02/2025 ABC DELHI 1195.00 VOL-3 SGTU 20461 611 C25G FM15074 27/05/2026 11/02/2025 Books 5 27/05/2026 10/06/2026
    Dewey Decimal Classification     MEDICAL SGT Medical Library SGT Medical Library Text Book 11/02/2025 ABC DELHI 1195.00 VOL-3 SGTU 20461 611 C25G FM15075 03/06/2026 11/02/2025 Books 9 15/05/2026